Jetpunk Featured Quiz Challenge # 10 - Statistics

General Stats
  • This quiz has been taken 71 times
  • The average score is 19 of 20
Answer Stats
Hint Answer % Correct
English-Speaking Countries Quiz Barbados / Jamaica / St. Vincent and the Grenadines / St. Kitts and Nevis / Grenada / Trinidad and Tobago / United Kingdom / Antigua and Barbuda / Guyana / Ireland / New Zealand / United States / Bahamas / Australia / Belize / Canada
100%
Most Popular J Names Quiz James / Jacob / Jackson / Joseph / Jayden / John / Joshua / Julian / Josiah / Jordan / Jeremiah / Jose / Jason / Justin / Juan / Julia / Jameson / Jesus / Josephine / Jonah / Jade / Jasmine / Jude / Joel / Jesse / Jeremy / Jocelyn / Jasper
100%
Countries that Start with S Saint Kitts and Nevis / Saint Lucia / Saint Vincent and the Grenadines / Samoa / San Marino / Sao Tome and Principe / Saudi Arabia / Senegal / Serbia / Seychelles / Sierra Leone / Singapore / Slovakia / Slovenia / Solomon Islands / Somalia / South Africa / South Korea / South Sudan / Spain / Sri Lanka / Sudan / Suriname / Sweden / Switzerland / Syria
100%
U.S. Baby Girl Names by Year Quiz Abigail / Addison / Alexis / Alice / Alyssa / Amanda / Amber / Amelia / Amy / Angela / Anna / Annie / Ashley / Ava / Avery / Barbara / Betty / Brenda / Brianna / Brittany / Carol / Carolyn / Charlotte / Cheryl / Chloe / Christina / Christine / Courtney / Crystal / Cynthia / Danielle / Dawn / Deborah /Debra / Diane / Dolores / Donna / Doris / Dorothy / Edna / Elizabeth / Ella / Emily / Emma / Erin / Ethel / Evelyn / Florence / Frances / Gladys / Grace / Hailey / Hannah / Harper / Heather / Helen / Irene / Isabella / Janet / Jean / Jennifer / Jessica / Joan / Joyce / Judith / Judy / Julie / Karen / Kathleen / Kayla / Kelly / Kimberly / Laura / Lauren / Lillian / Lily / Linda / Lisa / Lois / Lori / Louise / Madison / Margaret / Marie / Mary / Megan / Melissa / Mia / Michelle / Mildred / Nancy / Natalie / Nicole / Olivia / Pamela / Patricia / Rachel / Rebecca / Rose / Ruth / Samantha / Sandra / Sarah / Scarlett / Sharon / Shirley / Sofia / Sophia / Stephanie / Susan / Tammy / Taylor / Teresa / Tiffany / Tracy / Victoria / Virginia
98%
One Border Countries Quiz Brunei / Canada / Denmark / Dominican Republic / Gambia / Haiti / Ireland / Lesotho / Monaco / Papua New Guinea / Portugal / Qatar / San Marino / South Korea / East Timor / United Kingdom / Vatican City
98%
U.S. Baby Boy Names by Year Quiz Liam / Benjamin / Oliver / Lucas / Jackson / Jacob / Michael / Matthew / Joshua / Christopher / Nicholas / Andrew / Joseph / Daniel / Tyler / William / Brandon / Ryan / John / Zachary / David / Anthony / James / Justin / Alexander / Robert / Jonathan / Kyle / Jason / Brian / Eric / Jeremy / Mark / Richard / Jeffrey / Scott / Timothy / Kevin / Steven / Thomas / Charles / Kenneth / Paul / Donald / Gary / Larry / Ronald / Dennis / Stephen / George / Jerry / Edward / Frank / Jack / Raymond / Harold / Walter / Billy / Henry / Arthur / Albert / Willie / Clarence / Harry / Ethan / Jayden / Noah / Aiden / Mason / Logan / Elijah
98%
Countries with the Most Billionaires United States / China / India / Germany / Russia / United Kingdom / Brazil / Italy / Canada / France / South Korea / Switzerland / Australia / Japan / Sweden / Taiwan / Turkey / Spain / Singapore / Indonesia / Thailand
98%
Olympian Gods Quiz Zeus / Jupiter / Hera / Juno / Poseidon / Neptune / Dionysus / Bacchus / Apollo / Artemis / Diana / Hermes / Mercury / Athena / Minerva / Ares / Mars / Aphrodite / Venus / Hephaestus / Vulcan / Demeter / Ceres / Hades / Pluto / Hestia / Vesta / Asclepius / Vejovis / Eros / Cupid / Hebe / Juventas / Heracles / Hercules / Pan / Faunus / Persephone / Proserpina
98%
Shakespeare's Plays Quiz A Midsummer Night's Dream / All's Well That Ends Well / Antony and Cleopatra / As You Like It / Comedy of Errors / Coriolanus / Cymbeline / Hamlet / Henry IV / Henry V / Henry VI / Henry VIII / Julius Caesar / King John / King Lear / Love's Labour's Lost / Macbeth / Measure for Measure / Much Ado about Nothing / Othello / Pericles / Richard II / Richard III / Romeo and Juliet / Tempest / The Merchant of Venice / The Merry Wives of Windsor / The Taming of the Shrew / The Winter's Tale / Timon of Athens / Titus Andronicus / Troilus and Cressida / Twelfth Night / Two Gentlemen of Verona
97%
Best Selling Sodas Quiz Coca-Cola / Pepsi / Diet Coke / Mountain Dew / Dr. Pepper / Sprite / Diet Pepsi / Coke Zero / Diet Mountain Dew / Diet Dr. Pepper / Fanta / Canada Dry / Sierra Mist / Barq's / Caffeine Free Diet Coke / 7UP / Crush / Cherry Coca-Cola / Wild Cherry Pepsi / Sunkist / A&W Root Beer
97%
East Asia Map Quiz Japan / South Korea / North Korea / Mongolia / China / Taiwan / Philippines / Vietnam / Cambodia / Laos / Myanmar / Thailand / Malaysia / Indonesia / Singapore / Brunei
97%
English Monarchs Quiz William / Henry / Stephen / Richard / John / Edward / Mary / Elizabeth / James / Anne / Charles / Victoria / George
97%
Africa Capitals Quiz Algiers / Luanda / Cotonou / Porto-Novo / Gaborone / Ouagadougou / Gitega / Yaoundé / Praia / Bangui / N'Djamena / Moroni / Kinshasa / Brazzaville / Djibouti / Cairo / Malabo / Asmara / Mbabane / Addis Ababa / Libreville / Banjul / Accra / Conakry / Bissau / Yamoussoukro / Nairobi / Maseru / Monrovia / Tripoli / Antananarivo / Lilongwe / Bamako / Nouakchott / Port Louis / Rabat / Maputo / Windhoek / Niamey / Abuja / Kigali / Dakar / Victoria / Freetown / Mogadishu / Pretoria / Bloemfontein / Cape Town / Juba / Khartoum / São Tomé / Dodoma / Lome / Tunis / Kampala / Lusaka / Harare
95%
Name that Greek Letter Quiz Pi / Delta / Epsilon / Alpha / Rho / Gamma / Kappa / Eta / Omicron / Upsilon / Mu / Xi / Omega / Zeta / Sigma / Theta / Lambda / Phi / Iota / Psi / Tau / Nu / Chi / Beta
95%
Japanese Companies Toyota / Nissan / Honda / Suzuki / Mazda / Mitsubishi / Subaru / Bridgestone / Nintendo / Sony / Asahi / Kirin / Sapporo / Suntory / Kawasaki / Yamaha / All Nippon Airways / Panasonic / Sharp / 7-Eleven / Canon / Fuji / Nikon / Olympus / Toshiba
95%
Name the 7 Dwarfs Quiz Bashful / Doc / Dopey / Grumpy / Happy / Sleepy / Sneezy
94%
"Land" Countries Thailand / Finland / Iceland / Ireland / Netherlands / Poland / Switzerland / Marshall Islands / New Zealand / Solomon Islands
94%
7 Deadly Sins Quiz Lust / Gluttony / Greed / Sloth / Wrath / Envy / Pride
92%
Name the Harry Potter Books Quiz Philosopher's Stone / Chamber of Secrets / Prisoner of Azkaban / Goblet of Fire / Order of the Phoenix / Half-Blood Prince / Deathly Hallows
83%
Cartoon Villains Quiz Scar / Captain Hook / Jafar / Ursula / Cruella de Vil / Plankton / Shredder / Bluto / Magneto / Wile E. Coyote / Gargamel / Megatron / The Joker / Cobra Commander / Dr. Claw / Mumm-Ra / Mojo Jojo / Skeletor / Maleficent / Boris / Natasha / Sideshow Bob / Dr. Octopus / Captain Pollution / Negaduck
83%
No matching quizzes found
Score Distribution
Percent of People with Each Score
Percentile by Number Answered
Your Score History
You have not taken this quiz